U.S. Presidents Sudden Death - Statistics

General Stats
  • This quiz has been taken 55 times
  • The average score is 13 of 17
Answers on the Grid
Answers color-coded by a green-red scale on the quiz's grid according to % correct below.
Alexander Hamilton
James K. Polk
Benjamin Franklin
Ronald Reagan
James Garfield
John Hancock
John Tay
Thomas Jefferson
Martin Luther King
Abraham Lincoln
Franklin D. Roosevelt
Thomas Edison
Richard Nixon
Lyndon B. Johnson
Richard H. Lee
James Wilson
Warren G. Harding
Calvin Coolidge
John Marshall
Robert Morris
Herbert Hoover
William H. Taft
Chester A. Arthur
Robert R. Livingston
Rutherford B. Hayes
Franklin Pierce
Joseph Warren
Roger Sherman
James Buchanan
Millard Fillmore
 
Answer Stats
Answer % Correct
Ronald Reagan
87%
Franklin D. Roosevelt
85%
James K. Polk
85%
Thomas Jefferson
85%
Abraham Lincoln
81%
James Garfield
81%
Richard Nixon
79%
Lyndon B. Johnson
77%
Calvin Coolidge
74%
James Buchanan
72%
Herbert Hoover
70%
Rutherford B. Hayes
70%
Warren G. Harding
70%
William H. Taft
70%
Chester A. Arthur
62%
Franklin Pierce
62%
Millard Fillmore
57%
No matching quizzes found
Score Distribution
Percent of People with Each Score
Percentile by Number Answered
Your Score History
You have not taken this quiz